| 000 | 00687nam a22001937a 4500 | ||
|---|---|---|---|
| 999 |
_c5939 _d5939 |
||
| 003 | AR-CdUCM | ||
| 008 | 190313b ||||| |||| 00| 0 esp d | ||
| 040 |
_aMUNICIPALIDAD PROVINCIAL DEL CUSCO _cBIBLIOTECA MUNICIPAL DEL CUSCO |
||
| 082 |
_a869.40382 / _bA62 |
||
| 245 | _aAntología de cuentos / | ||
| 260 |
_aCochabamba : _bLos amigos del libro, _c1968. |
||
| 300 |
_a132 paginas ; _c21 cm. |
||
| 500 | _aII Concurso Nacional Edmundo Camargo. | ||
| 505 | _aLa reunión -- Alma y Lazo -- Su propia muerte -- Momentos en la ciudad -- Don Reptiliano -- Los derechos del pobre ... | ||
| 650 |
_aCuento boliviano _917449 |
||
| 650 |
_aSiglo XX _98 |
||
| 942 |
_2ddc _cLIBROS |
||
| 945 | _aacrt | ||